Reformy rozhýbali indický kolos Príloha Hospodárskych novín

Ekonomický vývoj Indickej republiky po získaní nezávislosti a konštituovania samostatného štátu. Tradične využívané hospodárske nástroje indickej vlády. Softvérová ofenzíva a rozvoj technológie. Historické kurzy. Indické devízové rezervy. Nátlak na devalváciu rupie.

Guardado en:
Detalles Bibliográficos
Autor principal: Machala, Peter
Formato: Capítulo de libro
Lenguaje:eslovaco
Materias:
Etiquetas: Agregar Etiqueta
Sin Etiquetas, Sea el primero en etiquetar este registro!

MARC

LEADER 00000naa a2200000 4500
001 r027472
005 20230824091255.1
041 0 |a slo 
044 |a SK 
245 1 0 |a Reformy rozhýbali indický kolos  |b Príloha Hospodárskych novín  |c Peter Machala 
520 |a Ekonomický vývoj Indickej republiky po získaní nezávislosti a konštituovania samostatného štátu. Tradične využívané hospodárske nástroje indickej vlády. Softvérová ofenzíva a rozvoj technológie. Historické kurzy. Indické devízové rezervy. Nátlak na devalváciu rupie. 
610 2 0 |a India 
610 2 0 |a 1997 
610 2 0 |a hospodárstvo svetové 
610 2 0 |a situácia hospodárska 
610 2 0 |a rupia 
610 2 0 |a nástroje ekonomické 
610 2 0 |a devalvácia 
100 1 |a Machala, Peter